| 000 | 00423nam a22001457a 4500 | ||
|---|---|---|---|
| 020 | _a9780367731540 | ||
| 040 | _cNUST | ||
| 082 | _a621.4023 MUK | ||
| 100 |
_a Mukhopadhyay, Achintya _998305 |
||
| 110 |
_a Sen, Swarnendu _998306 |
||
| 245 | _a Fundamentals of Combustion Engineering | ||
| 260 |
_aNew York: _bCRC Press, _c2019. |
||
| 650 |
_a Fundamentals of Combustion Engineering.NUSTTB2022 _9102803 |
||
| 942 |
_2ddc _cBK |
||
| 999 |
_c591254 _d591254 |
||